Mary Wollstonecraft : (Record no. 9469)

MARC details
000 -LEADER
fixed length control field 01579cam a2200409 a 4500
001 - CONTROL NUMBER
control field 1037031
003 - CONTROL NUMBER IDENTIFIER
control field OSt
005 - DATE AND TIME OF LATEST TRANSACTION
control field 20260430152246.0
008 - FIXED-LENGTH DATA ELEMENTS--GENERAL INFORMATION
fixed length control field 891012s1990 enka b 001 0beng
010 ## - LIBRARY OF CONGRESS CONTROL NUMBER
LC control number 89028965
020 ## - INTERNATIONAL STANDARD BOOK NUMBER
International Standard Book Number 0854961623
020 ## - INTERNATIONAL STANDARD BOOK NUMBER
International Standard Book Number 9780854961627
035 ## - SYSTEM CONTROL NUMBER
System control number 1037031
040 ## - CATALOGING SOURCE
Original cataloging agency DLC
Transcribing agency DLC
Modifying agency DLC
043 ## - GEOGRAPHIC AREA CODE
Geographic area code e-uk---
050 00 - LIBRARY OF CONGRESS CALL NUMBER
Classification number PR5841.W8
Item number Z756 1990
082 00 - DEWEY DECIMAL CLASSIFICATION NUMBER
Classification number 305.420 24 LOR
-- B
Edition number 20
100 1# - MAIN ENTRY--PERSONAL NAME
Personal name Lorch, Jennifer.
245 10 - TITLE STATEMENT
Title Mary Wollstonecraft :
Remainder of title the making of a radical feminist /
Statement of responsibility, etc. Jennifer Lorch.
260 ## - PUBLICATION, DISTRIBUTION, ETC. (IMPRINT)
Place of publication, distribution, etc. Oxford [England] :
Name of publisher, distributor, etc. Berg ;
Place of publication, distribution, etc. New York :
Name of publisher, distributor, etc. Distributed exclusively in the US and Canada by St. Martin's Press,
Date of publication, distribution, etc. 1990.
300 ## - PHYSICAL DESCRIPTION
Extent x, 127 p. :
Other physical details ill. ;
Dimensions 23 cm.
336 ## - CONTENT TYPE
Content type term text
Content type code txt
Source rdacontent
337 ## - MEDIA TYPE
Media type term unmediated
Media type code n
Source rdamedia
338 ## - CARRIER TYPE
Carrier type term volume
Carrier type code nc
Source rdacarrier
440 #0 - SERIES STATEMENT/ADDED ENTRY--TITLE
Title Berg women's series
504 ## - BIBLIOGRAPHY, ETC. NOTE
Bibliography, etc Includes bibliographical references (p. 116-121) and index.
600 10 - SUBJECT ADDED ENTRY--PERSONAL NAME
Personal name Wollstonecraft, Mary,
Dates associated with a name 1759-1797.
650 #0 - SUBJECT ADDED ENTRY--TOPICAL TERM
Topical term or geographic name as entry element Feminism and literature
Geographic subdivision England
General subdivision History
Chronological subdivision 18th century.
650 #0 - SUBJECT ADDED ENTRY--TOPICAL TERM
Topical term or geographic name as entry element Women and literature
Geographic subdivision England
General subdivision History
Chronological subdivision 18th century.
650 #0 - SUBJECT ADDED ENTRY--TOPICAL TERM
Topical term or geographic name as entry element Authors, English
Chronological subdivision 18th century
General subdivision Biography.
650 #0 - SUBJECT ADDED ENTRY--TOPICAL TERM
Topical term or geographic name as entry element Radicalism
Geographic subdivision England
General subdivision History
Chronological subdivision 18th century.
650 #0 - SUBJECT ADDED ENTRY--TOPICAL TERM
Topical term or geographic name as entry element Feminists
Geographic subdivision Great Britain
General subdivision Biography.
906 ## - LOCAL DATA ELEMENT F, LDF (RLIN)
a 7
b cbc
c orignew
d 1
e ocip
f 19
g y-gencatlg
942 ## - ADDED ENTRY ELEMENTS (KOHA)
Source of classification or shelving scheme Dewey Decimal Classification
Koha item type BOOKS
Holdings
Withdrawn status Lost status Source of classification or shelving scheme Damaged status Not for loan Home library Current library Shelving location Date acquired Total Checkouts Full call number Barcode Date last seen Price effective from Koha item type
    Dewey Decimal Classification     Dodoma Dodoma Ground Floor 30/04/2026   305.420 24 LOR B LIB001929 30/04/2026 30/04/2026 BOOKS

IRDP © 2021 :: Managed by ICT Team